000 00577cam a22002053a 4500
001 39913
003 PGUSA
005 20140828083905.0
008 120604s2012||||xxu|||||s|||||000 | eng d
040 _aPGUSA
_beng
042 _adc
100 1 _aCox, Samuel
245 1 0 _aExpositor's Bible :
_bThe Book of Ecclesiastes
_h[electronic resource] /
_cSamuel Cox
260 _bProject Gutenberg,
_c2012
506 _aPublic domain in the USA.
516 _aElectronic text
830 0 _aProject Gutenberg
_v39913
856 4 0 _uhttp://www.gutenberg.org/ebooks/39913
942 _cEB
999 _c269166
_d269166